[Event "Chigorin Memorial 2008"]
[Site "St. Petersburg RUS"]
[Date "2008.10.05"]
[Round "2.6"]
[White "Eliseev, Aleksei"]
[Black "Zontakh, Andrey"]
[Result "1-0"]
[WhiteElo "2395"]
[BlackElo "2579"]
[PlyCount "119"]
[EventDate "2008.10.03"]
[EventType "swiss"]
[EventRounds "9"]
[EventCountry "RUS"]
[Source "lmi"]
[SourceDate "2008.10.03"]

1. g3 d5 2. Bg2 Nf6 3. Nf3 c6 4. O-O Bg4 5. d3 Nbd7 6. Nbd2 e5 7. e4 Bd6 8. h3
Bh5 9. Qe1 O-O 10. Nh4 Re8 11. b3 a5 12. a4 Bb4 13. Bf3 Bxd2 14. Bxd2 Bxf3 15.
Nxf3 dxe4 16. dxe4 Nc5 17. Rd1 Nfxe4 18. Bc1 Qf6 19. Qe3 Qe6 20. Ba3 b6 21. Kg2
f5 22. Bb2 Nd7 23. Rfe1 Re7 24. Nd2 Nef6 25. Nc4 Nd5 26. Qd2 e4 27. Ba3 Ree8
28. Nd6 Rf8 29. c4 N5f6 30. Qf4 g6 31. f3 Ne5 32. fxe4 Nh5 33. Qg5 f4 34. Nf5
h6 35. Nxh6+ Kh7 36. Nf5 Nf7 37. Qg4 Rfd8 38. Nd6 Qf6 39. Nxf7 Qxf7 40. gxf4
Nxf4+ 41. Kh1 Rxd1 42. Rxd1 Nd3 43. Qh4+ Kg8 44. Kg2 Nf4+ 45. Kh2 Re8 46. Rd8
Nh5 47. Rxe8+ Qxe8 48. Qe7 Qc8 49. Bd6 c5 50. Be5 Qc6 51. Qd8+ Kf7 52. Qc7+
Qxc7 53. Bxc7 Nf6 54. Bxb6 Nxe4 55. Bxa5 Ke6 56. Kg2 Kd6 57. h4 Kc6 58. Kf3 Nd6
59. Kf4 Nf7 60. Be1 1-0

[Event "Chigorin Memorial 2008"]
[Site "St. Petersburg RUS"]
[Date "2008.10.05"]
[Round "2.7"]
[White "Vorobiov, Evgeny E"]
[Black "Serov, Maksim"]
[Result "1-0"]
[WhiteElo "2577"]
[BlackElo "2378"]
[PlyCount "45"]
[EventDate "2008.10.03"]
[EventType "swiss"]
[EventRounds "9"]
[EventCountry "RUS"]
[Source "lmi"]
[SourceDate "2008.10.03"]

1. d4 Nf6 2. c4 c5 3. d5 b5 4. Nf3 b4 5. Nbd2 d6 6. e4 e5 7. g3 Be7 8. Bg2 a5
9. a3 Na6 10. O-O h5 11. Ne1 h4 12. Nd3 hxg3 13. hxg3 Ng4 14. Qe2 Bd7 15. f3
Nh6 16. f4 Ng4 17. fxe5 dxe5 18. Nf3 Qc7 19. Ng5 Bxg5 20. Bxg5 b3 21. Rae1 a4
22. Rf5 f6 23. Qxg4 1-0

[Event "Chigorin Memorial 2008"]
[Site "St. Petersburg RUS"]
[Date "2008.10.05"]
[Round "2.8"]
[White "Shaposhnikov, Evgeny"]
[Black "Khuseinkhodzhaev, Muhammad"]
[Result "1-0"]
[WhiteElo "2558"]
[BlackElo "2375"]
[PlyCount "67"]
[EventDate "2008.10.03"]
[EventType "swiss"]
[EventRounds "9"]
[EventCountry "RUS"]
[Source "lmi"]
[SourceDate "2008.10.03"]

1. e4 e5 2. Nf3 Nc6 3. Bc4 Bc5 4. c3 Nf6 5. d3 a6 6. Bb3 O-O 7. O-O Ba7 8. Re1
d6 9. h3 Ne7 10. Nbd2 Ng6 11. Nf1 Nh5 12. Bg5 Qe8 13. d4 Nhf4 14. Ne3 Ne6 15.
Nf5 Nxg5 16. Nxg5 h6 17. Nf3 Qd8 18. dxe5 Nxe5 19. N3d4 Qg5 20. Rf1 Ng6 21. Kh1
Bd7 22. Bc2 Rfe8 23. g3 Rad8 24. Kh2 Qf6 25. Ne3 c6 26. Qd2 h5 27. f4 Bb8 28.
h4 Nxh4 29. gxh4 Qxh4+ 30. Kg1 c5 31. Ndf5 Qf6 32. Nd5 Qe6 33. Qg2 Qg6 34.
Nfe7+ 1-0

[Event "Chigorin Memorial 2008"]
[Site "St. Petersburg RUS"]
[Date "2008.10.05"]
[Round "2.9"]
[White "Sjugirov, Sanan"]
[Black "Kirusha, Andrey"]
[Result "1-0"]
[WhiteElo "2549"]
[BlackElo "2373"]
[PlyCount "93"]
[EventDate "2008.10.03"]
[EventType "swiss"]
[EventRounds "9"]
[EventCountry "RUS"]
[Source "lmi"]
[SourceDate "2008.10.03"]

1. e4 e5 2. Nf3 Nc6 3. Bb5 a6 4. Ba4 Nf6 5. O-O b5 6. Bb3 Bc5 7. c3 O-O 8. a4
Rb8 9. axb5 axb5 10. d4 Bb6 11. Bc2 d6 12. Na3 exd4 13. cxd4 Bg4 14. Nxb5 Re8
15. Ra4 Qd7 16. Re1 h6 17. Bd2 Re7 18. Bc3 Rbe8 19. h3 Bh5 20. d5 Ne5 21. Bxe5
Bxf3 22. Qxf3 Rxe5 23. Na3 Rxd5 24. Nc4 Rg5 25. Nxb6 cxb6 26. Rd1 Qc6 27. Rd2
Rc5 28. Qd3 d5 29. exd5 Rxd5 30. Rd4 Red8 31. Qf3 Rxd4 32. Rxd4 Qe8 33. Rxd8
Qxd8 34. Qc6 g6 35. Bb3 Kg7 36. Qb7 Nd7 37. g3 Qe7 38. Kg2 Qd6 39. Qd5 Qe7 40.
Qd4+ Kh7 41. Ba4 Nc5 42. Bc6 Qe6 43. Bf3 h5 44. b4 Nd7 45. Bb7 Nf6 46. b5 Nd7
47. Bc8 1-0

[Event "Chigorin Memorial 2008"]
[Site "St. Petersburg RUS"]
[Date "2008.10.05"]
[Round "2.10"]
[White "Popov, Valerij"]
[Black "Shchukin, Dmitry"]
[Result "1/2-1/2"]
[WhiteElo "2542"]
[BlackElo "2357"]
[PlyCount "83"]
[EventDate "2008.10.03"]
[EventType "swiss"]
[EventRounds "9"]
[EventCountry "RUS"]
[Source "lmi"]
[SourceDate "2008.10.03"]

1. c4 Nf6 2. Nc3 e5 3. Nf3 d6 4. g3 Nbd7 5. Bg2 Be7 6. O-O O-O 7. d4 c6 8. Qc2
Re8 9. b3 Qc7 10. Bb2 Nf8 11. h3 Ng6 12. Rac1 h5 13. e3 Bd8 14. Rfd1 e4 15. Nd2
Bf5 16. d5 cxd5 17. Nxd5 Nxd5 18. cxd5 Qe7 19. Qc3 f6 20. Qb4 Bb6 21. Bd4 Bxd4
22. Qxd4 Ne5 23. Rc3 Qd7 24. Kh2 Qb5 25. Nxe4 Bxe4 26. Bxe4 Qe2 27. Kg2 Qxa2
28. Rd2 Qa5 29. Bf5 g6 30. Be6+ Kg7 31. b4 Qd8 32. Rdc2 Re7 33. Rc8 Rxc8 34.
Rxc8 Qb6 35. Qxb6 axb6 36. f4 Nd3 37. Rg8+ Kh6 38. Rd8 Rc7 39. Rxd6 Rc2+ 40.
Kf1 Rf2+ 41. Kg1 Rd2 42. Rd7 1/2-1/2

[Event "Chigorin Memorial 2008"]
[Site "St. Petersburg RUS"]
[Date "2008.10.05"]
[Round "2.12"]
[White "Yevseev, Denis"]
[Black "Domogaev, Sergey"]
[Result "1/2-1/2"]
[WhiteElo "2534"]
[BlackElo "2354"]
[PlyCount "76"]
[EventDate "2008.10.03"]
[EventType "swiss"]
[EventRounds "9"]
[EventCountry "RUS"]
[Source "lmi"]
[SourceDate "2008.10.03"]

1. Nf3 Nf6 2. c4 e6 3. g3 b6 4. Bg2 Bb7 5. O-O Be7 6. Nc3 Ne4 7. Nxe4 Bxe4 8.
d3 Bb7 9. e4 O-O 10. Re1 d6 11. d4 Nd7 12. b3 Bf6 13. Bb2 e5 14. Qc2 exd4 15.
Nxd4 Rb8 16. Rad1 Re8 17. f4 Bxd4+ 18. Bxd4 Qe7 19. Re3 a5 20. Rde1 f6 21. a3
Qf7 22. Bb2 Qh5 23. b4 axb4 24. axb4 Re7 25. Ra3 f5 26. e5 Bxg2 27. Qxg2 dxe5
28. Ra7 Nf6 29. Bxe5 Rbe8 30. Rf1 Ng4 31. Rxc7 Rxc7 32. Bxc7 Ne3 33. Qf3 Qxf3
34. Rxf3 Nxc4 35. Rd3 Re7 36. Bd8 Re2 37. b5 Kf7 38. Rc3 Re4 1/2-1/2

[Event "Chigorin Memorial 2008"]
[Site "St. Petersburg RUS"]
[Date "2008.10.05"]
[Round "2.13"]
[White "Biriukov, Oleg V"]
[Black "Vysochin, Spartak"]
[Result "0-1"]
[WhiteElo "2374"]
[BlackElo "2520"]
[PlyCount "80"]
[EventDate "2008.10.03"]
[EventType "swiss"]
[EventRounds "9"]
[EventCountry "RUS"]
[Source "lmi"]
[SourceDate "2008.10.03"]

1. d4 d5 2. c4 c6 3. Nf3 Nf6 4. cxd5 cxd5 5. Nc3 Nc6 6. Bf4 a6 7. Rc1 Bf5 8. e3
Rc8 9. Be2 e6 10. O-O Nd7 11. Na4 Nb4 12. Nc3 Nc6 13. Na4 Nb4 14. Rxc8 Qxc8 15.
a3 Bc2 16. Qd2 Bxa4 17. axb4 Bc6 18. Rc1 Qa8 19. Ne5 Nxe5 20. Bxe5 f6 21. Bc7
Kf7 22. Qc3 Be7 23. Bb6 Rc8 24. Qb3 Bb5 25. Rxc8 Qxc8 26. Bxb5 axb5 27. Qc3 Qc4
28. Bc5 Bd8 29. Bd6 Ke8 30. h3 Kd7 31. Bf8 g5 32. Qd2 Bc7 33. g3 Ke8 34. Bh6
Kf7 35. Qd1 Kg6 36. Bf8 h5 37. Qa1 Qe2 38. Qa8 Kf5 39. Qxb7 Ke4 40. Kg2 Qf3+
0-1

[Event "Chigorin Memorial 2008"]
[Site "St. Petersburg RUS"]
[Date "2008.10.05"]
[Round "2.15"]
[White "Lintchevski, Daniil"]
[Black "Malakhov, Igor"]
[Result "1/2-1/2"]
[WhiteElo "2502"]
[BlackElo "2346"]
[PlyCount "39"]
[EventDate "2008.10.03"]
[EventType "swiss"]
[EventRounds "9"]
[EventCountry "RUS"]
[Source "lmi"]
[SourceDate "2008.10.03"]

1. e4 c5 2. Nf3 Nc6 3. d4 cxd4 4. Nxd4 g6 5. c4 Nf6 6. Nc3 d6 7. Be2 Nxd4 8.
Qxd4 Bg7 9. Be3 O-O 10. Qd2 a5 11. f3 a4 12. Rb1 Qa5 13. Nb5 Qxd2+ 14. Kxd2 Bd7
15. Nd4 Rfc8 16. Rhc1 Be8 17. Nc2 Nd7 18. Nb4 Kf8 19. Rc2 Nc5 20. Nd5 1/2-1/2

[Event "Chigorin Memorial 2008"]
[Site "St. Petersburg RUS"]
[Date "2008.10.05"]
[Round "2.16"]
[White "Sudakova, Irina"]
[Black "Kislinsky, Aleksey"]
[Result "0-1"]
[WhiteElo "2349"]
[BlackElo "2492"]
[PlyCount "94"]
[EventDate "2008.10.03"]
[EventType "swiss"]
[EventRounds "9"]
[EventCountry "RUS"]
[Source "lmi"]
[SourceDate "2008.10.03"]

1. e4 c5 2. d3 Nc6 3. g3 g6 4. Bg2 Bg7 5. f4 b5 6. c3 Rb8 7. Nf3 d6 8. O-O b4
9. f5 bxc3 10. bxc3 Nf6 11. Nh4 Ba6 12. Na3 Nd7 13. Rb1 Bxc3 14. Bh6 Rxb1 15.
Nxb1 Bd4+ 16. Kh1 Nde5 17. Bg7 Rg8 18. Bxe5 Bxe5 19. fxg6 hxg6 20. Qb3 e6 21.
Bh3 Qd7 22. Nd2 g5 23. Nhf3 g4 24. Nxe5 dxe5 25. Bg2 Qxd3 26. Qxd3 Bxd3 27. Rc1
c4 28. Nxc4 Bxc4 29. Rxc4 Kd7 30. Rc2 Nd4 31. Rb2 Rc8 32. h4 gxh3 33. Bxh3 Rc1+
34. Kg2 Kc6 35. Kf2 a5 36. Bf1 a4 37. Be2 a3 38. Rd2 Kc5 39. Bd1 Kc4 40. g4 f6
41. Be2+ Kc3 42. Rd3+ Kb2 43. Rd2+ Rc2 44. Rxc2+ Nxc2 45. Bc4 Nb4 46. Bxe6 Nxa2
47. Kf3 Nc1 0-1

[Event "Chigorin Memorial 2008"]
[Site "St. Petersburg RUS"]
[Date "2008.10.05"]
[Round "2.17"]
[White "Matlakov, Maxim"]
[Black "Molchanova, Tatjana"]
[Result "1/2-1/2"]
[WhiteElo "2490"]
[BlackElo "2337"]
[PlyCount "57"]
[EventDate "2008.10.03"]
[EventType "swiss"]
[EventRounds "9"]
[EventCountry "RUS"]
[Source "lmi"]
[SourceDate "2008.10.03"]

1. d4 Nf6 2. c4 e6 3. Nf3 d5 4. Nc3 Bb4 5. e3 O-O 6. Bd3 dxc4 7. Bxc4 c5 8. O-O
cxd4 9. exd4 Nc6 10. a3 Be7 11. Ba2 b6 12. Qd3 Bb7 13. Bg5 Nd5 14. Bd2 Nxc3 15.
bxc3 Bf6 16. Rfe1 Re8 17. Rad1 Rc8 18. Bc1 Na5 19. Nd2 g6 20. Ne4 Be7 21. Qh3
Nc4 22. a4 Bd5 23. Qh6 f6 24. Qf4 f5 25. Nd2 Bd6 26. Qh6 Nxd2 27. Bxd5 exd5 28.
Qxd2 Qd7 29. Qa2 1/2-1/2

[Event "Chigorin Memorial 2008"]
[Site "St. Petersburg RUS"]
[Date "2008.10.05"]
[Round "2.21"]
[White "Loginov, Valery A"]
[Black "Frolochkin, Vladimir"]
[Result "1-0"]
[WhiteElo "2481"]
[BlackElo "2323"]
[PlyCount "119"]
[EventDate "2008.10.03"]
[EventType "swiss"]
[EventRounds "9"]
[EventCountry "RUS"]
[Source "lmi"]
[SourceDate "2008.10.03"]

1. Nf3 c5 2. e4 e6 3. d4 d5 4. exd5 exd5 5. Bb5+ Nc6 6. O-O Nf6 7. Ne5 Qb6 8.
Qe2 Be6 9. Be3 a6 10. Ba4 cxd4 11. Nxc6 bxc6 12. Bxd4 Bc5 13. Bxc5 Qxc5 14. Qe3
Qd6 15. Qg3 Ke7 16. Nd2 Qxg3 17. hxg3 Rhc8 18. b4 a5 19. a3 axb4 20. axb4 c5
21. bxc5 Rxc5 22. Bb3 Rxa1 23. Rxa1 d4 24. Ra7+ Kd6 25. f3 Rc7 26. Ra4 Bxb3 27.
Nxb3 Rxc2 28. Nxd4 Rc1+ 29. Kh2 g6 30. Ra6+ Ke7 31. Nc6+ Kf8 32. Ne5 Ne8 33.
Ra8 h5 34. Nd3 Rd1 35. Nc5 Ke7 36. Ra7+ Kf6 37. Ne4+ Kg7 38. Ng5 Rd5 39. Nxf7
Kf6 40. f4 Kf5 41. Ra6 Nc7 42. Nh6+ Ke4 43. Rxg6 Rd7 44. Rg5 Rd5 45. Rg7 Nb5
46. Re7+ Kd4 47. Nf7 Rf5 48. Ng5 Nc3 49. Rh7 Ke3 50. Re7+ Kd3 51. Kh3 Rf8 52.
Kh4 Nd5 53. Rd7 Kc4 54. Rf7 Rh8 55. g4 hxg4+ 56. Kxg4 Kc5 57. g3 Kd6 58. Ra7
Rf8 59. Kf3 Nf6 60. Ne4+ 1-0

[Event "Chigorin Memorial 2008"]
[Site "St. Petersburg RUS"]
[Date "2008.10.05"]
[Round "2.22"]
[White "Pogosian, Vladimir"]
[Black "Alavkin, Arseny"]
[Result "1-0"]
[WhiteElo "2320"]
[BlackElo "2476"]
[PlyCount "131"]
[EventDate "2008.10.03"]
[EventType "swiss"]
[EventRounds "9"]
[EventCountry "RUS"]
[Source "lmi"]
[SourceDate "2008.10.03"]

1. e4 e6 2. d4 d5 3. Nc3 Nf6 4. e5 Nfd7 5. Nce2 c5 6. c3 Nc6 7. f4 Qb6 8. Nf3
f6 9. a3 cxd4 10. cxd4 Na5 11. b4 Nc4 12. Nc3 Be7 13. Bd3 fxe5 14. dxe5 a5 15.
b5 a4 16. Bxc4 dxc4 17. Qe2 Nc5 18. Be3 Qa5 19. Qxc4 Nb3 20. Rd1 Bxa3 21. O-O
Be7 22. Ne4 Qb4 23. Qd3 O-O 24. Nfg5 g6 25. Bb6 Nc5 26. Qh3 h5 27. Nf6+ Rxf6
28. exf6 Bxf6 29. Qe3 Nb3 30. Qd3 Kg7 31. Qc2 Qc3 32. Qe2 a3 33. Nxe6+ Bxe6 34.
Qxe6 a2 35. Rd7+ Kh6 36. f5 a1=Q 37. Be3+ Qxe3+ 38. Qxe3+ Bg5 39. Qxb3 Qe5 40.
Qe6 Qc5+ 41. Kh1 Qxf5 42. Qxf5 gxf5 43. g3 Kg6 44. Rxb7 h4 45. gxh4 Be3 46. h5+
Kg5 47. Rg7+ Kh4 48. h6 Bxh6 49. Rh7 Kh5 50. Rxf5+ Kg6 51. Rhf7 Bg5 52. Rf1 Ra2
53. b6 Rb2 54. b7 Be3 55. Rd7 Kg5 56. Re7 Bd4 57. Rd1 Ba7 58. Red7 Kg4 59. Rg7+
Kh3 60. Rh7+ Kg4 61. Ra1 Bd4 62. h3+ Kf3 63. Ra3+ Ke2 64. Ra2 Rxa2 65. b8=Q
Ra1+ 66. Kh2 1-0

[Event "Chigorin Memorial 2008"]
[Site "St. Petersburg RUS"]
[Date "2008.10.05"]
[Round "2.23"]
[White "Shimanov, Aleksandr"]
[Black "Fedoseev, Vladimir"]
[Result "1/2-1/2"]
[WhiteElo "2476"]
[BlackElo "2312"]
[PlyCount "51"]
[EventDate "2008.10.03"]
[EventType "swiss"]
[EventRounds "9"]
[EventCountry "RUS"]
[Source "lmi"]
[SourceDate "2008.10.03"]

1. e4 c5 2. Nf3 d6 3. d4 Nf6 4. Nc3 cxd4 5. Nxd4 a6 6. h3 e6 7. g4 d5 8. exd5
Nxd5 9. Bd2 b5 10. Bg2 Bb7 11. O-O Ra7 12. Nb3 h5 13. Nxd5 Bxd5 14. Bxd5 Qxd5
15. Be3 Rd7 16. Qxd5 Rxd5 17. Rfd1 Rxd1+ 18. Rxd1 hxg4 19. hxg4 Nc6 20. Bc5 Nb4
21. c3 Bxc5 22. Nxc5 Nd5 23. a4 Rh4 24. f3 Rh3 25. axb5 axb5 26. Kg2 1/2-1/2

[Event "Chigorin Memorial 2008"]
[Site "St. Petersburg RUS"]
[Date "2008.10.05"]
[Round "2.25"]
[White "Gubajdullin, Alexei"]
[Black "Khakimov, Timur"]
[Result "1-0"]
[WhiteElo "2462"]
[BlackElo "2310"]
[PlyCount "75"]
[EventDate "2008.10.03"]
[EventType "swiss"]
[EventRounds "9"]
[EventCountry "RUS"]
[Source "lmi"]
[SourceDate "2008.10.03"]

1. Nc3 c5 2. e4 e6 3. Nf3 Nc6 4. Bb5 Nge7 5. O-O a6 6. Bxc6 Nxc6 7. d4 cxd4 8.
Nxd4 Qc7 9. Nxc6 dxc6 10. f4 e5 11. f5 f6 12. Be3 b5 13. Qd2 Bb7 14. Qf2 Qf7
15. Rad1 Bb4 16. Bc5 Qc4 17. Bxb4 Qxb4 18. Qb6 Qe7 19. Rd3 O-O 20. Rfd1 Rf7 21.
Rd6 g6 22. Ne2 Rc8 23. Qc5 Kg7 24. b4 Qc7 25. a3 a5 26. Nc1 axb4 27. axb4 gxf5
28. exf5 Re8 29. Nb3 Qc8 30. Qf2 e4 31. Nc5 e3 32. Qg3+ Kh8 33. Re6 e2 34. Re1
Rg7 35. Qc3 Qa8 36. R1xe2 Reg8 37. Qxf6 Qa3 38. Re8 1-0

[Event "Chigorin Memorial 2008"]
[Site "St. Petersburg RUS"]
[Date "2008.10.05"]
[Round "2.27"]
[White "Gladyszev, Oleg"]
[Black "Urjubdshzirov, Erdni"]
[Result "0-1"]
[WhiteElo "2448"]
[BlackElo "2299"]
[PlyCount "108"]
[EventDate "2008.10.03"]
[EventType "swiss"]
[EventRounds "9"]
[EventCountry "RUS"]
[Source "lmi"]
[SourceDate "2008.10.03"]

1. d4 Nf6 2. c4 e6 3. Nc3 Bb4 4. Qc2 O-O 5. a3 Bxc3+ 6. Qxc3 b6 7. Nf3 Ne4 8.
Qc2 Bb7 9. e3 d6 10. Be2 Nd7 11. O-O f5 12. b4 Rf6 13. d5 Rh6 14. dxe6 Nf8 15.
Nd4 Qh4 16. h3 Qg5 17. f3 Ng3 18. e4 f4 19. Nf5 Rxh3 20. Bxf4 Qxf4 21. gxh3
Nxf1 22. Rxf1 Nxe6 23. c5 d5 24. c6 Bc8 25. Qc1 Qxc1 26. Rxc1 Nf4 27. Bf1 Bxf5
28. exf5 Kf7 29. Kf2 Kf6 30. Re1 Kxf5 31. Re7 Ne6 32. h4 Kf6 33. Rd7 Rd8 34.
Bh3 Rxd7 35. cxd7 Nd8 36. b5 Ke5 37. Ke3 c5 38. f4+ Kd6 39. a4 Ke7 40. Kd3 Nf7
41. h5 Nd6 42. Be6 d4 43. h6 gxh6 44. f5 Nb7 45. Bd5 Nd8 46. Bc6 h5 47. Ke4 Kf6
48. Kf4 h4 49. Bg2 Ke7 50. Ke5 Nf7+ 51. Kd5 Kxd7 52. f6 Ng5 53. Ke5 d3 54. Bc6+
Kd8 0-1

[Event "Chigorin Memorial 2008"]
[Site "St. Petersburg RUS"]
[Date "2008.10.05"]
[Round "2.28"]
[White "Pakhomov, Egor"]
[Black "Mikkelsen, Nikolaj"]
[Result "1/2-1/2"]
[WhiteElo "2220"]
[BlackElo "2441"]
[PlyCount "46"]
[EventDate "2008.10.03"]
[EventType "swiss"]
[EventRounds "9"]
[EventCountry "RUS"]
[Source "lmi"]
[SourceDate "2008.10.03"]

1. d4 Nf6 2. Nf3 g6 3. g3 Bg7 4. Bg2 O-O 5. O-O d5 6. c4 dxc4 7. Nbd2 c3 8.
bxc3 c5 9. e3 Nc6 10. Bb2 Bf5 11. Qe2 e5 12. e4 Bg4 13. d5 Na5 14. c4 Nd7 15.
Bc3 f5 16. Rab1 Rb8 17. Rb5 b6 18. Bxa5 bxa5 19. Rfb1 Rb6 20. Qd3 Qf6 21. h3
Bxf3 22. Nxf3 fxe4 23. Qxe4 Qf5 1/2-1/2

[Event "Chigorin Memorial 2008"]
[Site "St. Petersburg RUS"]
[Date "2008.10.05"]
[Round "2.30"]
[White "Guzenko, Artem"]
[Black "Rozum, Ivan"]
[Result "0-1"]
[WhiteElo "2121"]
[BlackElo "2439"]
[PlyCount "80"]
[EventDate "2008.10.03"]
[EventType "swiss"]
[EventRounds "9"]
[EventCountry "RUS"]
[Source "lmi"]
[SourceDate "2008.10.03"]

1. e4 g6 2. Nf3 Bg7 3. Bc4 c6 4. d4 d5 5. exd5 cxd5 6. Bd3 Nf6 7. O-O Bg4 8. h3
Bxf3 9. Qxf3 O-O 10. c3 Nc6 11. Re1 a6 12. Nd2 e6 13. b4 a5 14. b5 Ne7 15. a4
Rc8 16. Bb2 Nf5 17. Rac1 Nd6 18. c4 Bh6 19. Re3 dxc4 20. Nxc4 Nxc4 21. Rxc4
Rxc4 22. Bxc4 Bxe3 23. fxe3 Qe7 24. Bb3 Rc8 25. e4 Nd7 26. Qg3 Kg7 27. Kh1 f6
28. Qf2 e5 29. Qe3 Qb4 30. Qd3 exd4 31. Qxd4 Qxd4 32. Bxd4 b6 33. Bd5 Rc1+ 34.
Kh2 Rd1 35. Bf2 Rc1 36. Be3 Rc3 37. Bf2 Nc5 38. Bd4 Nxa4 39. Bc6 Rc4 40. Ba1
Nc3 0-1

[Event "Chigorin Memorial 2008"]
[Site "St. Petersburg RUS"]
[Date "2008.10.05"]
[Round "2.31"]
[White "Lovkov, Roman"]
[Black "Dushin, Nikolay"]
[Result "1-0"]
[WhiteElo "2434"]
[BlackElo "2026"]
[PlyCount "45"]
[EventDate "2008.10.03"]
[EventType "swiss"]
[EventRounds "9"]
[EventCountry "RUS"]
[Source "lmi"]
[SourceDate "2008.10.03"]

1. e4 c5 2. Nf3 a6 3. c3 d5 4. exd5 Qxd5 5. d4 e6 6. Bd3 cxd4 7. cxd4 Nf6 8.
Nc3 Qd6 9. O-O Nc6 10. Bg5 Be7 11. Bxf6 gxf6 12. Qd2 h5 13. Rfd1 Nb4 14. Ne4
Qb6 15. Bc4 Bd7 16. Qf4 Nd5 17. Bxd5 exd5 18. Nc5 Bc6 19. Re1 Qd8 20. Qxf6 Rg8
21. Rxe7+ Qxe7 22. Re1 Qxe1+ 23. Nxe1 1-0

[Event "Chigorin Memorial 2008"]
[Site "St. Petersburg RUS"]
[Date "2008.10.05"]
[Round "2.32"]
[White "Aleksandrov, Aleksej"]
[Black "Atlas, Eduard"]
[Result "1-0"]
[WhiteElo "2617"]
[BlackElo "2067"]
[PlyCount "77"]
[EventDate "2008.10.03"]
[EventType "swiss"]
[EventRounds "9"]
[EventCountry "RUS"]
[Source "lmi"]
[SourceDate "2008.10.03"]

1. d4 d5 2. c4 e6 3. Nc3 Nf6 4. cxd5 exd5 5. Bg5 Be7 6. e3 O-O 7. Bd3 c6 8. Qc2
Nbd7 9. Nge2 Re8 10. O-O Nf8 11. f3 Nh5 12. Bxe7 Rxe7 13. e4 Nf6 14. e5 Ne8 15.
f4 Rc7 16. Rad1 Bg4 17. h3 Bxe2 18. Qxe2 Qh4 19. Kh2 Ne6 20. g3 Qh6 21. Bc2 g6
22. f5 Nf8 23. Rf4 Ng7 24. Rh4 Qg5 25. Rg4 Qd8 26. f6 Nge6 27. Qe3 Qe8 28. Qh6
Rd8 29. Rd2 a6 30. Ne2 Rdd7 31. Ng1 c5 32. Nf3 cxd4 33. Bb3 Qc8 34. Rdxd4 Rc1
35. Bxd5 Rxd5 36. Rxd5 Qc6 37. Rd8 Qc5 38. Re8 Rd1 39. Rxf8+ 1-0

[Event "Chigorin Memorial 2008"]
[Site "St. Petersburg RUS"]
[Date "2008.10.05"]
[Round "2.34"]
[White "Yankovsky, Roman"]
[Black "Brodsky, Michail"]
[Result "1/2-1/2"]
[WhiteElo "2255"]
[BlackElo "2550"]
[PlyCount "165"]
[EventDate "2008.10.03"]
[EventType "swiss"]
[EventRounds "9"]
[EventCountry "RUS"]
[Source "lmi"]
[SourceDate "2008.10.03"]

1. e4 c5 2. Nf3 Nc6 3. d4 cxd4 4. Nxd4 Nf6 5. Nc3 d6 6. g3 g6 7. Nde2 Bg7 8.
Bg2 O-O 9. O-O Rb8 10. a4 a6 11. Nd5 b5 12. axb5 axb5 13. Bg5 Nd7 14. Qc1 Re8
15. Ra2 b4 16. b3 Nc5 17. Bh6 Bh8 18. Qe3 Ba6 19. Rd1 Qc8 20. h3 Ne6 21. Kh2
Bxe2 22. Qxe2 Ned4 23. Qc4 e6 24. Nf4 Rb5 25. Ne2 Rc5 26. Qd3 Nxe2 27. Qxe2 Nd4
28. Qd2 Rc3 29. Rc1 Qc5 30. Be3 Rc8 31. Rd1 e5 32. Bxd4 exd4 33. Bf1 Rxc2 34.
Rxc2 Qxc2 35. Qxc2 Rxc2 36. Kg2 Be5 37. Bc4 Kg7 38. Kf1 h5 39. Rd3 g5 40. Rf3
f6 41. g4 hxg4 42. hxg4 Rc1+ 43. Kg2 Re1 44. Bd5 Rd1 45. Bc4 d5 46. exd5 Kf8
47. Rd3 Rc1 48. Kf3 Ke7 49. Ke2 Rg1 50. Kf3 Kd6 51. Rd2 Rc1 52. Ke2 Kc5 53. Rd1
Rc3 54. Rd3 Rxc4 55. bxc4 Kxc4 56. Rd1 b3 57. Rc1+ Kb4 58. Rc6 Kb5 59. Rc1 Bf4
60. Ra1 Kc4 61. Ra6 d3+ 62. Kd1 Kxd5 63. Rxf6 b2 64. Rb6 Bc1 65. Rb8 Ke4 66.
Rb3 Kf4 67. f3 Ke3 68. Ke1 Bd2+ 69. Kd1 Bc3 70. Rb5 Kxf3 71. Rf5+ Ke4 72. Rb5
d2 73. Kc2 Kf4 74. Rf5+ Kxg4 75. Rf1 Be5 76. Kxd2 Bf4+ 77. Kc2 Bc1 78. Rg1+ Kf5
79. Rf1+ Kg6 80. Rg1 Kf6 81. Rf1+ Kg7 82. Re1 Kh6 83. Rh1+ 1/2-1/2

[Event "Chigorin Memorial 2008"]
[Site "St. Petersburg RUS"]
[Date "2008.10.05"]
[Round "2.35"]
[White "Fedoseev, Sergey"]
[Black "Ionov, Sergey"]
[Result "0-1"]
[WhiteElo "2193"]
[BlackElo "2543"]
[PlyCount "108"]
[EventDate "2008.10.03"]
[EventType "swiss"]
[EventRounds "9"]
[EventCountry "RUS"]
[Source "lmi"]
[SourceDate "2008.10.03"]

1. e4 c5 2. d4 cxd4 3. c3 dxc3 4. Nf3 Nc6 5. Bc4 e6 6. Nxc3 a6 7. a4 Nge7 8.
O-O Ng6 9. Qe2 Be7 10. Be3 O-O 11. Rfd1 d6 12. Qd2 Nge5 13. Nxe5 dxe5 14. Qe2
Qa5 15. Qg4 Rd8 16. Rxd8+ Qxd8 17. Rd1 Qe8 18. h4 Kh8 19. Qh5 Bd7 20. Ba2 Bf8
21. Bb6 Rc8 22. Rd2 Be7 23. Qd1 Nb8 24. Qh5 Bc6 25. Be3 Nd7 26. Bb1 Rd8 27. Ba2
Nf6 28. Qxe5 Ng4 29. Qg3 Nxe3 30. Qxe3 Bxh4 31. Rxd8 Qxd8 32. Qf4 Kg8 33. Bc4
h6 34. g3 Bg5 35. Qe5 Bf6 36. Qf4 Bxc3 37. bxc3 Bxa4 38. Qe3 Bc6 39. Bd3 a5 40.
c4 Qd6 41. c5 Qe5 42. Bc2 a4 43. f4 Qa1+ 44. Kf2 e5 45. fxe5 Qxe5 46. Qd2 Qxc5+
47. Kg2 Qe5 48. Qe3 Kh7 49. Qd3 g6 50. Qc4 Kg7 51. Kh2 h5 52. Kg2 a3 53. Bb3
Qxe4+ 54. Qxe4 Bxe4+ 0-1

[Event "Chigorin Memorial 2008"]
[Site "St. Petersburg RUS"]
[Date "2008.10.05"]
[Round "2.36"]
[White "Slugin, Sergey"]
[Black "Kluchik, Julia"]
[Result "1-0"]
[WhiteElo "2431"]
[BlackElo "1951"]
[PlyCount "87"]
[EventDate "2008.10.03"]
[EventType "swiss"]
[EventRounds "9"]
[EventCountry "RUS"]
[Source "lmi"]
[SourceDate "2008.10.03"]

1. d4 g6 2. e4 c6 3. Nc3 d5 4. h3 Bg7 5. Nf3 dxe4 6. Nxe4 Nd7 7. Bd3 Ngf6 8.
Qe2 O-O 9. Bg5 Nxe4 10. Qxe4 Nf6 11. Qh4 Qa5+ 12. Bd2 Qh5 13. Qf4 Nd5 14. Qh2
Bh6 15. O-O-O Bxd2+ 16. Rxd2 Nb4 17. Bc4 Qa5 18. a3 Bf5 19. Re1 Nd5 20. g4 Bd7
21. Qg3 b5 22. Bxd5 cxd5 23. Rxe7 b4 24. Ne5 Ba4 25. axb4 Qxb4 26. Qa3 Qb5 27.
b3 Qf1+ 28. Kb2 Bb5 29. Qd6 Rac8 30. g5 Qxh3 31. f3 Qf5 32. Ng4 Qxg5 33. Rh2 h5
34. Nf6+ Kg7 35. Nxh5+ gxh5 36. Re5 Qg6 37. Qxd5 Bc6 38. Qa5 f6 39. Rexh5 Bxf3
40. Qxa7+ Rf7 41. Rh7+ Kg8 42. Rh8+ Kg7 43. R2h7+ Qxh7 44. Rxh7+ 1-0

[Event "Chigorin Memorial 2008"]
[Site "St. Petersburg RUS"]
[Date "2008.10.05"]
[Round "2.37"]
[White "Goganov, Aleksey"]
[Black "Melnikov, Dmitry"]
[Result "1-0"]
[WhiteElo "2356"]
[BlackElo "2280"]
[PlyCount "81"]
[EventDate "2008.10.03"]
[EventType "swiss"]
[EventRounds "9"]
[EventCountry "RUS"]
[Source "lmi"]
[SourceDate "2008.10.03"]

1. d4 d5 2. c4 e6 3. Nc3 c6 4. Nf3 dxc4 5. e3 b5 6. a4 Bb4 7. Bd2 a5 8. axb5
Bxc3 9. Bxc3 cxb5 10. b3 Bb7 11. bxc4 b4 12. Bb2 Nf6 13. Bd3 Nbd7 14. O-O O-O
15. Re1 Ne4 16. Qc2 f5 17. c5 Qc7 18. Bc4 Bd5 19. Bb3 Ra6 20. Red1 Bxb3 21.
Qxb3 Ndf6 22. Ne5 Nd5 23. f3 Nec3 24. Re1 Qb7 25. e4 fxe4 26. fxe4 a4 27. Qc4
Nxe4 28. Rxe4 a3 29. Ree1 Rfa8 30. Bc1 b3 31. c6 Qb4 32. Qxb4 Nxb4 33. Rxa3
Rxa3 34. Bxa3 Rxa3 35. c7 Ra8 36. Rb1 Na6 37. Rxb3 Kf8 38. Rb8+ Nxb8 39.
cxb8=Q+ Rxb8 40. Nd7+ Ke7 41. Nxb8 1-0